| 000 | 00607nam a22001817a 4500 | ||
|---|---|---|---|
| 999 |
_c63974 _d63974 |
||
| 005 | 20260302131809.0 | ||
| 008 | 260302s2012 enk||||| |||| 00| 0 eng d | ||
| 020 | _a9781568364407x | ||
| 041 | _aeng | ||
| 080 | _a355.133.4:395(520) N-71 | ||
| 100 |
_aNitobe, Inazo _927025 |
||
| 245 |
_aBushido: _bThe Soul of Japan _cInazo Nitobe. |
||
| 264 |
_aNew York : _b Kodansha America, _c2012. |
||
| 300 |
_a154 p.; _b20 cm. |
||
| 653 | _aკლასიკური ესე სამურაის ეთიკის შესახებ | ||
| 653 | _aიაპონია | ||
| 942 |
_2udc _cᲬᲘᲒᲜᲘ |
||